000 00773nam a2200217 i 4500
001 187208
003 SpMaBN
005 20230906222837.0
008 170508s1971 sp |||| | spa d
080 _a165
100 1 _aLópez Quintás, Alfonso.
_973905
245 1 0 _aMetodología de lo suprasensible.
_nII /
_cAlfonso López Quintás.
260 _aMadrid :
_bEditora Nacional,
_c1971.
300 _a1 v. (584 p.) ;
_c24 cm.
500 _aÍndices.
504 _aReferencias bibliográficas.
505 8 _aContiene: v. 2 ;
_tEl triángulo hermenéutico : introducción a una filosofía de los ámbitos
650 7 _aEpistemología.
_912338
740 3 2 _aEl triángulo hermenéutico : introducción a una filosofía de los ámbitos.
852 _aES-MaACL
_jP-1672
999 _c187208
_d187208